000 01964nac a22006857a 4500
001 BR2018002295
003 BR-BrBNA
005 20240105124052.0
008 230509b bl.|||m| |||| 00| 0 por d
040 _aBR-BrBNA
_bpor
_cBiblioteca Nacional de Agricultura
072 _aH20
090 _a0336 BR2018002295
100 1 _aGodoy, C.V.
100 1 _aUtiamada, C.M.
100 1 _aMeyer, M.C.
100 1 _aCampos, H.D.
100 1 _aLopes, I. de O.N.
100 1 _aDias, A.R.
100 1 _aDeuner, C.C.
100 1 _aPimenta, C.B.
100 1 _aJaccoud Filho, D.S.
100 1 _aMoreira, E.N.
100 1 _aBorges, E.P.
100 1 _aAndrade Junior, E.R. de
100 1 _aSuiqueri, F.V.
100 1 _aJuliatti, F.C.
100 1 _aJuliatti, F.C.
100 1 _aFavero, F.
100 1 _aFeksa, H.R.
100 1 _aAraújo Júnior, I.P.
100 1 _aGrigolli, J.F.J.
100 1 _aNunes Junior, J.
100 1 _aBelufi, L.M. de R.
100 1 _aCarnerio, L.C.
100 1 _aCarregal, L.H.
100 1 _aSato, L.N.
100 1 _acanteri, M.G.
100 1 _aVolf, M.R.
100 1 _aGoussain, M.
100 1 _aDias, M.D.
100 1 _aDebortoli, M.P.
100 1 _aMartins, M.C.
100 1 _aBalardin, R.S.
100 1 _aFurlan, S.H.
100 1 _aMadalosso, T.
100 1 _acarlin, V.J.
100 1 _aVenancio, W.S.
110 1 _aEMBRAPA Soja, Londrina, PR (Brasil)
245 1 _aEficiência de fungicidas para o controle da ferrugem-asiática da soja Phakopsora pachyrhizi, na safra 2017/2018: resultados sumarizados dos ensaios cooperativos
260 3 _aLondrina, PR (Brasil):
_c2018.
300 _a8 p.
490 _aCircular Técnica - EMBRAPA Soja (Brazil)
_vno. 138
_x1516-7860
500 _a11 ref.
650 _aSOJA
650 _aFERRUGEM
650 _aFUNGICIDA
650 _aCONTROLE QUÍMICO
909 _a202312
_bLúcia Elande
_c55
_dLúcia Elande
942 _2AGRIS
_n0
_cMS
999 _c298231
_d298231